000 00482nam a2200181Ia 4500
005 20250423100859.0
008 250422s9999 xx 000 0 und d
020 _a978-3-031-54099-8
050 _aPN 1996 .S37/
100 _aDooley, Kath; Munt, Alex
245 0 _aScreenwriting for Virtual Reality: Story, Space and Experience
260 _aCham
260 _bPalgrave Macmillan
260 _c2024
300 _a318 p
650 _aMotion picture authorship
942 _cBK
999 _c34624
_d34624